| 000 | 00670cam a2200193 4500 | ||
|---|---|---|---|
| 001 | WB3530-46 | ||
| 008 | 000000n1999 000 0 eng u | ||
| 035 | _a(Sirsi) u102100 | ||
| 245 | _aRegeneration race. | ||
| 260 | _c1999 | ||
| 490 |
_aBuilding _v264(8099) 30 July 1999, 11(1) |
||
| 520 | _aAuthorities in Sheffield, Manchester and Wembley are to follow the recommendations set out in the Urban Taskforce report and establish public-private regeneration partnerships modelled on that already set up in Liverpool. | ||
| 650 | _aSHEFFIELD | ||
| 650 | _aMANCHESTER | ||
| 650 | _aWEMBLEY | ||
| 650 | _aURBAN TASK FORCE | ||
| 690 | _aURBAN RENEWAL | ||
| 942 | _n0 | ||
| 999 |
_c61192 _d61192 |
||